|
|
|
|
| LEADER |
00000nnm a2200000 i 4500 |
| 001 |
dolg11760 |
| 005 |
20170630100844.0 |
| 008 |
170516suuuu hu o 000 hun d |
| 040 |
|
|
|a BGE Dolgozattár Repozitórium
|b hun
|
| 041 |
|
|
|a hu
|
| 100 |
1 |
|
|a Chrenkó Noémi
|
| 245 |
1 |
2 |
|a A borok megjelenése Fricska Gastropub itallapján, a pincészetek bemutatása, borok és ételek párosítása
|c Chrenkó Noémi
|h [elektronikus dokumentum]
|
| 516 |
|
|
|a Project_work
|
| 695 |
|
|
|a Projektmunka
|
| 700 |
1 |
|
|a Seregi Dr. Andrásné
|e ths
|
| 856 |
4 |
0 |
|u http://dolgozattar.uni-bge.hu/11760/1/Chrenk%C3%B3%20No%C3%A9mi-PQ3VQ2.pdf
|z Dokumentum-elérés
|